Lokamanya Bal Gangadhar Tilak / (Record no. 75225)
[ view plain ]
| 000 -LEADER | |
|---|---|
| fixed length control field | 00684cam a22002171i 4500 |
| 001 - CONTROL NUMBER | |
| control field | sa 67005486 |
| 003 - CONTROL NUMBER IDENTIFIER | |
| control field | DLC |
| 005 - DATE AND TIME OF LATEST TRANSACTION | |
| control field | 20260227112357.0 |
| 008 - FIXED-LENGTH DATA ELEMENTS--GENERAL INFORMATION | |
| fixed length control field | 771004s1962 ii c 000 0beng |
| 010 ## - LIBRARY OF CONGRESS CONTROL NUMBER | |
| LC control number | sa 67005486 |
| 035 ## - SYSTEM CONTROL NUMBER | |
| System control number | (OCoLC)3316476 |
| 040 ## - CATALOGING SOURCE | |
| Original cataloging agency | DLC |
| Transcribing agency | MnNC |
| Modifying agency | MnNC |
| -- | OCoLC |
| -- | DLC |
| 042 ## - AUTHENTICATION CODE | |
| Authentication code | premarc |
| 050 00 - LIBRARY OF CONGRESS CALL NUMBER | |
| Classification number | DS479.1.T54 |
| Item number | J6 |
| 100 1# - MAIN ENTRY--PERSONAL NAME | |
| Personal name | Jog, Narayan Gopal |
| 245 10 - TITLE STATEMENT | |
| Title | Lokamanya Bal Gangadhar Tilak / |
| Statement of responsibility, etc. | N. G. Jog. |
| 260 ## - PUBLICATION, DISTRIBUTION, ETC. | |
| Place of publication, distribution, etc. | [Delhi] : |
| Name of publisher, distributor, etc. | Publications Division, Ministry of Information and Broadcasting, Govt. of India, |
| Date of publication, distribution, etc. | [1962] |
| 300 ## - PHYSICAL DESCRIPTION | |
| Extent | 208 p. : |
| Other physical details | port. ; |
| Dimensions | 18 cm. |
| 440 #0 - SERIES STATEMENT/ADDED ENTRY--TITLE | |
| Title | Builders of modern India |
| 600 10 - SUBJECT ADDED ENTRY--PERSONAL NAME | |
| Personal name | Tilak, Bal Gangadhar, |
| Dates associated with a name | 1856-1920. |
No items available.